000 00372nam a22001457a 4500
003 NUST
005 20231002094950.0
008 231002b ||||| |||| 00| 0 eng d
082 _a863
_bFUE 1976
100 0 1 _aFuentes, Carlos
_9118292
245 _aTerra nostra
_cCarlos Fuentes
260 _aNew York
_bFarrar, Straus, Giroux
_c1976
300 _a777p;
942 _2ddc
_cBK
999 _c603267
_d603267